| 000 | 00493nam a2200145 i 4500 | ||
|---|---|---|---|
| 001 | 54072 | ||
| 003 | ES-MaACL | ||
| 007 | t| | ||
| 008 | 031124s1872 sp ||||1| spa d | ||
| 100 | 1 |
_aFerrer y Viñerta, Enrique. _950520 |
|
| 245 | 1 | 0 |
_aDe la amputación de la pierna _b: sus indicaciones, sitio y proceder operatorio preferibles para practicarla / _cEnrique Ferrer y Viñerta. |
| 260 |
_aValencia : _bFerrer de Orga, _c1872. |
||
| 300 |
_a186 p. ; _c23 cm. |
||
| 852 |
_aES-MaACL _jT-619-F-2 |
||
| 999 |
_c54072 _d54072 |
||